Thi pháp truyện ngắn Thạch Lam

Thạch Lam - con người và văn nghiệp. Thi pháp nhân vật trong truyện ngắn Thạch Lam. Nghệ thuật xây dựng hình tượng không gian - thời gian trong truyện ngắn Thạch Lam. Nét đặc sắc trong cách sử dụng ngôn từ nghệ thuật truyện ngắn Thạch Lam...

সম্পূর্ণ বিবরণ

সংরক্ষণ করুন:
গ্রন্থ-পঞ্জীর বিবরন
প্রধান লেখক: Phạm, Thị Ngọc Ánh
অন্যান্য লেখক: Nguyễn, Phong Nam PGS.TS (Hướng dẫn)
বিন্যাস: গ্রন্থ
ভাষা:Vietnamese
প্রকাশিত: Đà Nẵng Đại học Đà Nẵng 2011
মালা:Luận văn thạc sĩ khoa học xã hội và nhân văn . Chuyên ngành: Văn học Việt Nam
বিষয়গুলি:
ট্যাগগুলো: ট্যাগ যুক্ত করুন
কোনো ট্যাগ নেই, প্রথমজন হিসাবে ট্যাগ করুন!
Thư viện lưu trữ: Mạng thư viện Đại học Đà Nẵng
LEADER 01557nam a2200337 4500
001 000012641
003 8949
005 20120223080223.0
008 120223s2011 viesd
041 |a vie 
072 |a Khóa luận tốt nghiệp 
082 |a 895.922332  |b PH-A 
100 |a Phạm, Thị Ngọc Ánh 
245 |a Thi pháp truyện ngắn Thạch Lam  |c Phạm, Thị Ngọc Ánh 
260 |a Đà Nẵng  |b Đại học Đà Nẵng  |c 2011 
300 |a 132 tr.  |c 29 cm  |e tóm tắt + đia CD 
490 |a Luận văn thạc sĩ khoa học xã hội và nhân văn . Chuyên ngành: Văn học Việt Nam 
500 |a Tham khảo tr.128-132 
520 |a Thạch Lam - con người và văn nghiệp. Thi pháp nhân vật trong truyện ngắn Thạch Lam. Nghệ thuật xây dựng hình tượng không gian - thời gian trong truyện ngắn Thạch Lam. Nét đặc sắc trong cách sử dụng ngôn từ nghệ thuật truyện ngắn Thạch Lam 
653 |a Luận văn thạc sí 
700 |a Nguyễn, Phong Nam  |c PGS.TS  |e Hướng dẫn 
OWN |a LSP 
AVA |a UDN50  |b LSP  |d 895.922332 PH-A  |e available  |t Error 5001 Not defined in file expand_doc_bib_avail.  |f 1  |g 0  |h N  |i 0  |k 1 
999 |a From the UDN01 
AVA |a UDN50  |b LSP  |d 895.922332 PH-A  |e available  |t Error 5001 Not defined in file expand_doc_bib_avail.  |f 1  |g 0  |h N  |i 0  |k 1 
TYP |a Monograph 
TYP |a Printed language 
980 |a Mạng thư viện Đại học Đà Nẵng